00743nam a2200169 a 450000100100000000500170001000800410002704000250006808200160009311000550010924501740016426000740033830000210041204900090043395201140044299900170055600003339720200930070230.0110714s1911 dr 000 0 spa d aDO-SdBNPbspacBNPHU axxxxbM533c aRepública DominicanabHacienda y Comercio95836010aMemoria con sus correspondientes anexos que al ciudadano presidente de la República presenta al ciudadano Secretario de Estado en los despachos de Hacienda y Comercio. aSanto Domingo :bImprenta "Cuna de América" viuda de Roques,c1911. a978 p. ;c30 cm. aBNPD 0010718PDaPDbPDcCTd2011-08-25iLF1l0oxxxx M533cp33397-10r2020-06-25w2020-06-25yLFPDZNo se presta c32888d32888